000 01668nam a2200277 i 4500
001 000000067
003 DO-SdBNP
005 20241003095419.0
007 ta
008 081218s1976 dr 000 0 spa d
040 _aDO-SdBNP
_bspa
_cBNPHU
_erda
082 4 _a972.9302
_bM938b, 1976
_222
100 1 _aMoya, Casimiro Nemesio de,
_d1849-1913
_eautor
_4aut.
_9254
245 1 0 _aBosquejo histórico del descubrimiento y conquista de la isla de Santo Domingo y narración de los principales sucesos ocurridos en la parte Española de ella desde la sumisión de su último cacique hasta nuestros días /
_cCasimiro N. de Moya.
264 _aSanto Domingo :
_bEditora Sociedad Dominicana de Bibliófilos,
_c1976.
300 _a3 vólumenes ;
_c22 cm.
336 _atexto
_btxt
_2rdacontent
337 _asin mediación
_bn
_2rdamedia
338 _avolumen
_bnc
_2rdacarrier
500 _aIncluye referencias bibliográficas y notas al pie de las páginas.
505 0 _aNota biográfica --
_tEl por qué éste bosquejo histórico
_gCapítulo 1--
_tDescubrimiento de la isla en el año de 1492--
_gCapítulo 2--
_tNoticia sobre el estado de la isla y el de su poblaciónen los días del descubrimiento--
_gCapítulo 3--
_tEstablecimiento definitivo --
_gCapítulo 4. 1494 a 1495 --
_tIncidentes ocurridos en la colonia durante la ausencia del Almirante--
_gCapítulo 5. 1495 a 1496 --
_tDescubrimiento de las minas de Haina--
_gCapítulo 6. 1497 a 1498--
_tGobierno del adelantado.
590 _aInventariado, 2020/VM
651 4 _aRepública Dominicana --
_xHistoria --
_yDescubrimiento y conquista, 1492-1503
_9255
910 _aValidado. Control de calidad MMOLINA
942 _2ddc
_cLBS1
999 _c67
_d67